| 000 | 00747cab a2200229 4500 | ||
|---|---|---|---|
| 001 | WB2807-56 | ||
| 008 | 090401t1992 xxu||||| |||| 00| 0 eng d | ||
| 035 | _a(Sirsi) u33469 | ||
| 041 | _aeng | ||
| 245 | _aLock-out agreements | ||
| 260 | _c1992 | ||
| 350 | _a0 | ||
| 490 |
_aEstates Gazette _v(9205) 8 February 1992, 171(1) |
||
| 520 | _aExamines the effectiveness of right of pre-emption lock-out agreements used in the course of purchase negotiations. Refers to recent HL decision "Walford v Miles" HL 23 January 1992. | ||
| 650 | _aLOCK-OUT AGREEMENTS | ||
| 650 | _aPRE-EMPTION CLAUSES | ||
| 650 | _aVENDOR AND PURCHASER | ||
| 650 | _aWALFORD V MILES | ||
| 690 | _aPROPERTY LAW AND PRACTICE | ||
| 942 | _n0 | ||
| 948 | _c04/03/1997 | ||
| 999 |
_c22358 _d22358 |
||